01154nam a2200301 i 450000100060000000300090000600500170001500800390003201500170007103500210008804000280010908000180013710000460015524501400020126000600034130000450040133600270044633700540047333800280052738000170055550400400057265800340061265000230064665000180066965000210068771000460070885600980075413334KOSZ 00520200425185011.0070608s1970 pl a f f 000 0 pol aPB 1971/2245 a(OCoLC)839020912 aWA NcWA NdKOSZ 005/KK a658.012.4:6571 aTerebucha, Eufemiuszd(1909-1983)eAutor.10aSystem informacji ekonomicznej w przedsiębiorstwie :bmetody, organizacja i powiązanie z rachunkowością /cEufemiusz Terebucha. aWarszawa :bPaństwowe Wydawnictwo Ekonomiczne,c1970. a371, [1] strony :bilustracje. ;c18 cm. 2rdacontentaTekstbtxt 2rdamediaaBez urządzenia pośredniczącegobn 2rdacarrieraWoluminbnc aKsiążki. aBibliografia na stronach 359-[368]. aGospodarka, ekonomia, finanse 4aPrzedsiębiorstwo 4aZarządzanie 4aRachunkowość2 aPaństwowe Wydawnictwo Ekonomiczne4pbl. uhttp://koha.tu.koszalin.pl/cgi-bin/koha/opac-detail.pl?biblionumber=13334yKatalog online BPK